000 00391nam a22001697a 4500
003 OSt
005 20250908144459.0
007 500 pages
008 250908b |||||||| |||| 00| 0 eng d
020 _a9789355515513
040 _c
082 _220
_a005.133
_bKAN
245 _aLet us C
_cKanetkar,Yashavant
250 _a20
260 _bBPB
_c2024
942 _2ddc
_cBK
_e20
_k005.133
_mKAN
_n0
999 _c36250
_d36250